Odgadnij kadrę po numerach - Portugalia - Statystyki

Ogólne statystyki
  • Ten quiz został rozwiązany 5 razy
  • Średni wynik to 7 z 26
Statystyki odpowiedzi
Numer na EURO Piłkarz % Poprawnych
1 Rui Patricio
100%
8 Bruno Fernandes
67%
7 Cristiano Ronaldo
67%
21 Diogo Jota
67%
9 Goncalo Ramos
67%
11 Joao Felix
67%
3 Pepe
67%
17 Rafael Leao
67%
10 Bernardo Silva
33%
26 Francisco Conceicao
33%
20 Joao Cancelo
33%
2 Nelson Semedo
33%
19 Nuno Mendes
33%
24 Antonio Silva
0%
13 Danilo Pereira
0%
22 Diogo Costa
0%
5 Diogo Dalot
0%
14 Goncalo Inacio
0%
15 Joao Neves
0%
6 Joao Palhinha
0%
12 Jose Sa
0%
16 Matheus Nunes
0%
25 Pedro Neto
0%
4 Ruben Dias
0%
18 Ruben Neves
0%
23 Vitinha
0%
Nie znaleziono quizów pasujących do podanych kryteriów
Rozkład punktacji
Procent ludzi z każdym wynikiem
Percentyl według liczby udzielonych odpowiedzi
Twoja historia wyników
Nie rozwiązałeś tego quizu